• 首页
  • 本馆介绍
  • 公告通知
  • 最新文献
  • 馆藏检索
  • 电子资源
  • 读者导购
  • 参考咨询
  • 我的图书馆
  • 登录
  • 详细信息显示
  • 放入我的书架
  • 预约/预借图书
  • 作者相关作品
  • 分类相关作品
  • 丛书相关作品
  • 出版社相关作品

书目信息

  • 表格格式
  • 工作单格式
  • 卡片格式
题名:
聚集研究性学习从理论到实践
    
 
作者: 刘婉华 , 罗朝猛 主编
分册:  
出版信息: 广州   中山大学出版社  2002.02
页数: 325页
开本: 21cm
丛书名:
单 册:
中图分类: G632.46
科图分类:
主题词: 中学生--科学研究--能力培养
电子资源:
ISBN: 7-306-01883-3
000 00734nam0 2200229 450
001 012006000000
005 20071016150236.20
010    @a7-306-01883-3@dCNY18.60
100    @a20070509d2002 em y0chiy0110 ea
101 0  @achi
102    @aCN@b440100
105    @ay z 000yy
200 1  @a聚集研究性学习从理论到实践@AJu Ji Yan Jiu Xing Xue Xi Cong Li Lun Dao Shi Jian@f刘婉华,罗朝猛主编@FLiu Wan Hua , Luo Chao Meng Zhu Bian
210    @a广州@c中山大学出版社@d2002.02
215    @a325页@d21cm
606 0  @a中学生@x科学研究@x能力培养
690    @aG632.46@v4
701  0 @a刘婉华@ALiu Wan Hua@4主编
701  0 @a罗朝猛@ALuo Chao Meng@4主编
801  0 @aCN@bBJSWSY@c20071016
905    @aBZT@dG632.46@e11
906    @dCNY18.60@n0@r1
    
    聚集研究性学习从理论到实践/刘婉华,罗朝猛主编.-广州:中山大学出版社,2002.02
    325页;21cm
    
    
    ISBN 7-306-01883-3:CNY18.60
    
●
相关链接 在五车中查询图书 在当当中查询图书 在豆瓣中查询图书


正题名:聚集研究性学习从理论到实践     索取号:G632.46/11         预约/预借

序号 登录号 条形码 馆藏地/架位号 状态 备注
1 594725   230151425   中心书库北库/ 北库030架A面4列2层37/ [索取号:G632.46/11] 在馆    
2 594726   230151424   中心书库北库/ 北库030架A面4列2层35/ [索取号:G632.46/11] 在馆    
3 594727   230151423   中心书库北库/ 北库030架A面4列2层36/ [索取号:G632.46/11] 在馆    
4 594728   230151427   中心书库北库/ 北库030架A面4列2层39/ [索取号:G632.46/11] 在馆    
5 594729   230151426   中心书库北库/ 北库030架A面4列2层38/ [索取号:G632.46/11] 在馆    
山东省滨州职业学院图书馆 欢迎您!
大连网信软件有限公司© 版权所有